Heroes by David Bowie - Lyrics - Statistics

General Stats
  • This quiz has been taken 504 times
  • The average score is 27 of 37
Answer Stats
Answer % Correct
We can beat them, just for one {day}
99%
We can be {heroes}, just for one day
99%
And you, you will be {queen}
97%
I, I will be {king}
97%
{just} for one day
93%
just for {one} day
93%
{just} for one day
93%
Oh we {can} be heroes,
92%
We can be heroes, for ever and {ever}
91%
nothing will {keep} us together
90%
Like the dolphins, like {dolphins} can swim
89%
I, I wish you could {swim}
88%
I, I can {remember} (I remember)
87%
just {for} one day
86%
(over our {heads})
85%
'Cause we're {lovers}, and that is a fact
84%
Oh we can beat {them}, for ever and ever
84%
Though {nothing}, will keep us together
84%
(nothing {could} fall)
83%
What d'you {say}?
82%
We can {beat} them, for ever and ever
80%
as though nothing could {fall}
78%
{Standing}, by the wall (by the wall)
75%
Yes we're lovers, and that is {that}
74%
And the shame was on the other {side}
71%
{Though} nothing,
64%
And I, I'll {drink} all the time
62%
And we {kissed},
62%
Though nothing will {drive} them away
59%
We could steal {time},
56%
And you, you can be {mean}
53%
And the {guns} shot above our heads
51%
then you better not {stay}
40%
We're nothing, and nothing will {help} us
39%
Maybe we're {lying},
28%
{Then} we could be heroes,
26%
But we could be {safer},
20%
No matching quizzes found
Score Distribution
Percent of People with Each Score
Percentile by Number Answered
Your Score History
You have not taken this quiz